| 000 | 00542 a2200193 4500 | ||
|---|---|---|---|
| 003 | OSt | ||
| 005 | 20250331162645.0 | ||
| 008 | 250319b |||||||| |||| 00| 0 eng d | ||
| 020 | _a9789356968738 | ||
| 100 |
_aThangavelu, S. _9211654 |
||
| 245 | _aOSCE in Pediatrics: For Postgraduates and Practitioners | ||
| 250 | _a1st | ||
| 260 |
_bJaypee Brothers Medical Publishers _c2024 _aNew Delhi |
||
| 300 | _a776P. | ||
| 610 | _2Pediatric Nursing | ||
| 650 | _aChild Health Nursing | ||
| 700 |
_aNedunchelian, K. _9211655 |
||
| 942 |
_2ddc _cBK |
||
| 999 |
_c365616 _d365616 |
||